Loading...
| History - World | 0 | 9 | 2 | 1 | 80 | 55 | 89.22 | 5 | 6 | 18.58 | 46.14 |
| Social Science | 0 | 8 | 0 | 0 | 80 | 44 | 93.38 | 0 | 3 | 13.62 | 33.23 |
| Fine Arts - Other | 0 | 9 | 2 | 2 | 80 | 94 | 130.44 | 0 | 0 | 5.53 | 25.39 |
| Literature - World | 0 | 8 | 1 | 1 | 75 | 77 | 116.38 | 2 | 5 | 9.58 | 35.44 |
| Current Events | 0 | 7 | 0 | 0 | 70 | 59 | 83.29 | 2 | 3 | 29.54 | 62.50 |
| History - American | 0 | 8 | 2 | 2 | 70 | 58 | 96.50 | 1 | 3 | 12.48 | 28.94 |
| Philosophy | 0 | 4 | 0 | 0 | 40 | 100 | 119.75 | 0 | 0 | 3.28 | 17.50 |
| History - European | 0 | 6 | 4 | 0 | 40 | 39 | 59.00 | 3 | 5 | 19.58 | 33.04 |
| Literature - American | 0 | 3 | 0 | 0 | 30 | 54 | 85.33 | 1 | 2 | 7.75 | 15.05 |
| Other Academic | 0 | 3 | 0 | 0 | 30 | 63 | 89.33 | 1 | 1 | 13.36 | 27.60 |
| History - Other | 0 | 6 | 6 | 2 | 30 | 49 | 101.33 | 1 | 2 | 8.26 | 19.05 |
| Religion | 0 | 4 | 2 | 1 | 30 | 78 | 106.25 | 0 | 2 | 5.37 | 16.07 |
| Geography | 0 | 3 | 1 | 0 | 25 | 63 | 84.00 | 1 | 2 | 14.52 | 34.14 |
| Literature - European | 0 | 3 | 1 | 1 | 25 | 127 | 135.33 | 0 | 0 | 1.44 | 6.48 |
| Fine Arts - Classical Music | 0 | 2 | 0 | 0 | 20 | 125 | 136.00 | 0 | 0 | 0.27 | 3.63 |
| Literature - British | 0 | 3 | 2 | 0 | 20 | 19 | 80.67 | 2 | 2 | 7.93 | 15.09 |
| Fine Arts - Painting & Sculpture | 0 | 3 | 2 | 0 | 20 | 91 | 108.33 | 0 | 1 | 3.44 | 10.34 |
| Science - Biology | 0 | 2 | 0 | 0 | 20 | 115 | 124.00 | 0 | 0 | 0.60 | 5.95 |
| Mythology | 0 | 1 | 0 | 0 | 10 | 86 | 86.00 | 0 | 0 | 4.38 | 9.60 |
| Science - Other | 0 | 1 | 1 | 0 | 5 | 113 | 113.00 | 0 | 0 | 0.52 | 3.92 |
| Science - Chemistry | 0 | 0 | 0 | 0 | 0 | 0.00 | 0 | 0 | 0.00 | 0.00 |